[Event "FBL 1"]
[Site "Deutschland"]
[Date "2013.01.19"]
[Round "6.1"]
[White "Paehtz, Elisabeth"]
[Black "Skripchenko, Almira"]
[Result "1-0"]
[WhiteElo "2483"]
[BlackElo "2443"]
[PlyCount "133"]
[EventDate "2012.10.06"]
[WhiteTeam "SC Bad Koenigshofen 1957"]
[BlackTeam "SF 1891 Friedberg"]
[WhiteTeamCountry "GER"]
[BlackTeamCountry "GER"]

1. Nf3 Nf6 2. c4 Nc6 3. d4 e6 4. g3 Bb4+ 5. Bd2 a5 6. Bg2 d6 7. O-O e5 8. Bg5
exd4 9. Nxd4 Ne5 10. a3 Bc5 11. Nc3 h6 12. Bxf6 Qxf6 13. Nd5 Qd8 14. Nb5 O-O
15. Ndxc7 Rb8 16. Rc1 Bd7 17. b3 Rc8 18. Nd5 Bxb5 19. cxb5 Qd7 20. b4 axb4 21.
axb4 Ba7 22. b6 Rxc1 23. Qxc1 Bb8 24. Qc2 Nc6 25. Rc1 Re8 26. e3 Rd8 27. h4 Kh8
28. Qc3 Qf5 29. Qc4 Ne5 30. Qe4 Qd7 31. Rc3 Qa4 32. Qc2 Qd7 33. Be4 g6 34. Bg2
h5 35. Qe4 Qa4 36. Rc1 Qa3 37. Rd1 Rc8 38. Qf4 Kh7 39. Qd4 Rc4 40. Qa1 Qb3 41.
Rc1 Rc2 42. Rxc2 Qxc2 43. Nf6+ Kh6 44. Nd7 Qc8 45. Nxe5 dxe5 46. Qa8 f5 47.
Bxb7 Qd8 48. Kg2 f4 49. Be4 Qxb6 50. Qc6 Qxc6 51. Bxc6 fxe3 52. fxe3 Ba7 53.
Kf3 Bb6 54. Ke4 g5 55. Be8 gxh4 56. gxh4 Bd8 57. Kxe5 Bxh4 58. Kf5 Bf2 59. e4
h4 60. Bc6 Kg7 61. Ke6 Kf8 62. e5 Bd4 63. Kd6 h3 64. b5 h2 65. e6 Bf6 66. Kd7
Bg5 67. b6 1-0

[Event "FBL 1"]
[Site "Deutschland"]
[Date "2013.01.19"]
[Round "6.2"]
[White "Ohme, Melanie"]
[Black "Girya, Olga"]
[Result "1-0"]
[WhiteElo "2337"]
[BlackElo "2440"]
[PlyCount "67"]
[EventDate "2012.10.06"]
[WhiteTeam "SF 1891 Friedberg"]
[BlackTeam "SC Bad Koenigshofen 1957"]
[WhiteTeamCountry "GER"]
[BlackTeamCountry "GER"]

1. e4 c5 2. Nf3 Nc6 3. d4 cxd4 4. Nxd4 Qc7 5. Nc3 e6 6. Be3 Nf6 7. Bd3 a6 8.
O-O b5 9. a3 Bb7 10. Qe2 Ne5 11. h3 Rc8 12. Rae1 Be7 13. f4 Nxd3 14. cxd3 d6
15. g4 O-O 16. g5 Nd7 17. f5 exf5 18. Nxf5 Ne5 19. d4 Nc4 20. Bc1 Qd7 21. Qg4
Kh8 22. Rf3 Bd8 23. b3 Na5 24. Bf4 Bb6 25. Kg2 Nxb3 26. Bxd6 Rfe8 27. Be5 Rxe5
28. dxe5 Qd2+ 29. Re2 Qc1 30. Rf1 Qxc3 31. Nd6 Nd4 32. Ref2 Ne6 33. Qxe6 Bxe4+
34. Kh2 1-0

[Event "FBL 1"]
[Site "Deutschland"]
[Date "2013.01.19"]
[Round "6.3"]
[White "Savina, Anastasia"]
[Black "Levushkina, Elena"]
[Result "1/2-1/2"]
[WhiteElo "2303"]
[BlackElo "2301"]
[PlyCount "80"]
[EventDate "2012.10.06"]
[WhiteTeam "SC Bad Koenigshofen 1957"]
[BlackTeam "SF 1891 Friedberg"]
[WhiteTeamCountry "GER"]
[BlackTeamCountry "GER"]

1. d4 d5 2. c4 dxc4 3. Nf3 Nf6 4. e3 e6 5. Bxc4 c5 6. O-O a6 7. a4 Nc6 8. Qe2
cxd4 9. Rd1 Be7 10. exd4 O-O 11. Nc3 Nb4 12. Bg5 Bd7 13. d5 exd5 14. Nxd5 Nbxd5
15. Bxd5 Nxd5 16. Rxd5 Bxg5 17. Nxg5 h6 18. Qd2 hxg5 19. Rxd7 Qf6 20. Rxb7 Rad8
21. Qc3 Qxc3 22. bxc3 Rd2 23. h3 Re8 24. Rb6 Ree2 25. Rf1 Ra2 26. Rxa6 Rec2 27.
Ra7 Rxc3 28. Re1 g6 29. Re5 g4 30. Re8+ Kg7 31. Ree7 Rc1+ 32. Kh2 Rxf2 33. hxg4
Rcc2 34. Kh3 Rc3+ 35. Kh2 Rcc2 36. Kh3 Rc3+ 37. Kh4 Kh6 38. g5+ Kg7 39. Re4
Rxg2 40. Rf4 Rh2+ 1/2-1/2

[Event "FBL 1"]
[Site "Deutschland"]
[Date "2013.01.19"]
[Round "6.4"]
[White "Gara, Ticia"]
[Black "Zakurdjaeva, Irina"]
[Result "1/2-1/2"]
[WhiteElo "2385"]
[BlackElo "2248"]
[PlyCount "83"]
[EventDate "2012.10.06"]
[WhiteTeam "SF 1891 Friedberg"]
[BlackTeam "SC Bad Koenigshofen 1957"]
[WhiteTeamCountry "GER"]
[BlackTeamCountry "GER"]

1. e4 c5 2. Nf3 d6 3. d4 cxd4 4. Nxd4 Nf6 5. f3 e5 6. Nb3 d5 7. Bg5 Be6 8. Bxf6
gxf6 9. exd5 Qxd5 10. Qxd5 Bxd5 11. Nc3 Be6 12. O-O-O Nc6 13. Ne4 Bh6+ 14. Kb1
Ke7 15. Nec5 b6 16. Nxe6 fxe6 17. Bb5 Rac8 18. Rd3 Rhd8 19. Rxd8 Kxd8 20. Rd1+
Ke7 21. c3 Rd8 22. Rxd8 Nxd8 23. Kc2 Be3 24. Kd3 Bg1 25. h3 Nf7 26. Ke2 Nd6 27.
Bd3 f5 28. Nd2 Kf6 29. Nc4 Nb7 30. b4 Bh2 31. a4 Kg5 32. a5 bxa5 33. Nxa5 Nxa5
34. bxa5 h5 35. Bc4 Kf6 36. Kd3 h4 37. Bb3 Ke7 38. Kc4 Kd6 39. Kd3 Bf4 40. Bc4
Bg5 41. a6 Bd8 42. Bb3 1/2-1/2

[Event "FBL 1"]
[Site "Deutschland"]
[Date "2013.01.19"]
[Round "6.5"]
[White "Schoene, Maria"]
[Black "Nikolova, Adriana"]
[Result "1/2-1/2"]
[WhiteElo "2190"]
[BlackElo "2292"]
[PlyCount "176"]
[EventDate "2012.10.06"]
[WhiteTeam "SC Bad Koenigshofen 1957"]
[BlackTeam "SF 1891 Friedberg"]
[WhiteTeamCountry "GER"]
[BlackTeamCountry "GER"]

1. e4 c5 2. Nf3 d6 3. d4 cxd4 4. Nxd4 Nf6 5. Nc3 Nc6 6. Bg5 e6 7. Qd2 a6 8.
O-O-O h6 9. Be3 Bd7 10. f3 Nxd4 11. Bxd4 Bc6 12. Kb1 b5 13. Be3 Nd7 14. Bd3 b4
15. Ne2 Rb8 16. Nd4 Bb7 17. g4 d5 18. exd5 Bxd5 19. Be4 Nc5 20. Bxd5 Qxd5 21.
Qe2 Qb7 22. Bf4 Rc8 23. Nf5 Na4 24. Ka1 Qc6 25. Nd4 Qb6 26. Rhe1 g6 27. Be5 Rg8
28. f4 Be7 29. f5 gxf5 30. gxf5 Nc5 31. fxe6 Nxe6 32. Nxe6 Qxe6 33. Qf3 Rg6 34.
Bd6 Bxd6 35. Rxe6+ Rxe6 36. Qg2 Rc7 37. Kb1 Ke7 38. Rf1 Be5 39. h3 Kf8 40. Qg4
Rb6 41. Qe4 Re7 42. Rg1 Ree6 43. Qh7 Rg6 44. Rxg6 Rxg6 45. Kc1 Bf6 46. h4 Bxh4
47. Qh8+ Ke7 48. Qe5+ Kf8 49. Kd1 Bf6 50. Qb8+ Kg7 51. Qxb4 h5 52. Qa5 h4 53.
Qh5 Rg5 54. Qf3 Bxb2 55. c4 Bf6 56. a4 a5 57. Ke2 Rg3 58. Qh5 Rg2+ 59. Kf1 Rg6
60. Qf3 Bd4 61. Qh5 Rg1+ 62. Ke2 Bf6 63. Qf5 Rg5 64. Qf3 Be7 65. Qe4 Kf8 66.
Qa8+ Kg7 67. Qe4 Bf6 68. Qf3 Kg6 69. Qe4+ Rf5 70. c5 h3 71. c6 Be5 72. Qg4+ Kf6
73. Qxh3 Rf4 74. Qd3 Rxa4 75. Qc2 Rh4 76. Kf3 Bc7 77. Qd2 Rf4+ 78. Kg2 Rg4+ 79.
Kh3 Rc4 80. Qd7 Be5 81. Qd8+ Ke6 82. Qd7+ Kf6 83. Qd5 Rc3+ 84. Kg2 a4 85. Qd8+
Ke6 86. Qe8+ Kf6 87. Qa8 a3 88. Kf1 a2 1/2-1/2

[Event "FBL 1"]
[Site "Deutschland"]
[Date "2013.01.19"]
[Round "6.6"]
[White "Bulmaga, Irina"]
[Black "Gromova, Julia"]
[Result "1-0"]
[WhiteElo "2386"]
[BlackElo "2226"]
[PlyCount "53"]
[EventDate "2012.10.06"]
[WhiteTeam "SF 1891 Friedberg"]
[BlackTeam "SC Bad Koenigshofen 1957"]
[WhiteTeamCountry "GER"]
[BlackTeamCountry "GER"]

1. e4 c6 2. d4 d5 3. e5 Bf5 4. Nf3 e6 5. Be2 Nd7 6. O-O Ne7 7. Nbd2 Nc8 8. Nb3
Ncb6 9. a4 a5 10. Ne1 Be7 11. Bd3 Bxd3 12. Nxd3 Nc4 13. Qg4 g6 14. Bh6 Bf8 15.
Qh3 Qe7 16. Bxf8 Qxf8 17. Nbc5 Nxc5 18. dxc5 Qg7 19. Rfe1 g5 20. Re2 g4 21. Qh4
h5 22. b3 b5 23. axb5 cxb5 24. bxc4 bxc4 25. Nf4 Qh6 26. g3 a4 27. c3 1-0

[Event "FBL 1"]
[Site "Deutschland"]
[Date "2013.01.19"]
[Round "6.1"]
[White "Kulovana, Eva"]
[Black "Jaracz, Barbara"]
[Result "1/2-1/2"]
[WhiteElo "2259"]
[BlackElo "2312"]
[PlyCount "136"]
[EventDate "2012.10.06"]
[WhiteTeam "SK Grosslehna"]
[BlackTeam "SV Chemie Guben 1990"]
[WhiteTeamCountry "GER"]
[BlackTeamCountry "GER"]

1. e4 e5 2. Nf3 Nc6 3. Bb5 a6 4. Ba4 Nf6 5. O-O Be7 6. Bxc6 dxc6 7. d3 Bd6 8.
Nbd2 Be6 9. Ng5 Bg4 10. Qe1 Qe7 11. h3 Bh5 12. Ngf3 O-O-O 13. Nh4 Bg6 14. Nc4
Nh5 15. g3 Qe6 16. Kh2 Be7 17. Nf5 Rhg8 18. Bd2 f6 19. Qc1 Bxf5 20. exf5 Qd7
21. Qd1 g6 22. Ne3 Ng7 23. fxg6 hxg6 24. Bc3 Rh8 25. Qg4 Ne6 26. f4 exf4 27.
gxf4 Rdg8 28. Ng2 g5 29. Rae1 Nxf4 30. Qxd7+ Kxd7 31. Nxf4 gxf4 32. Rf3 Rh4 33.
Re4 f5 34. Re2 Bd6 35. Be5 Re8 36. d4 c5 37. Rd2 cxd4 38. Bxd6 cxd6 39. Rfd3
Re3 40. Rxd4 Rhxh3+ 41. Kg2 Reg3+ 42. Kf1 Rh1+ 43. Ke2 Rh2+ 44. Kf1 Rxd2 45.
Rxd2 Ke6 46. Rd4 Ke5 47. Rb4 Rg7 48. Kf2 Rh7 49. Kf3 Rc7 50. a4 d5 51. c3 Rh7
52. a5 Rc7 53. Rb6 Rc5 54. Rxb7 Rxa5 55. Re7+ Kf6 56. Ra7 Ke5 57. Re7+ Kd6 58.
Rf7 Rb5 59. Rxf5 Rxb2 60. Rxf4 Kc5 61. Ke3 a5 62. Kd3 Kb5 63. Rd4 Kc6 64. c4
dxc4+ 65. Rxc4+ Kb5 66. Kc3 Rb1 67. Kc2 Rh1 68. Rg4 a4 1/2-1/2

[Event "FBL 1"]
[Site "Deutschland"]
[Date "2013.01.19"]
[Round "6.2"]
[White "Sikorska, Agata"]
[Black "Voicu Jagodzinsky, Carmen"]
[Result "0-1"]
[WhiteElo "2110"]
[BlackElo "2292"]
[PlyCount "100"]
[EventDate "2012.10.06"]
[WhiteTeam "SV Chemie Guben 1990"]
[BlackTeam "SK Grosslehna"]
[WhiteTeamCountry "GER"]
[BlackTeamCountry "GER"]

1. e4 c5 2. Nf3 e6 3. d4 cxd4 4. Nxd4 a6 5. Nc3 Qc7 6. Be3 Bb4 7. Nde2 Nf6 8.
a3 Be7 9. g3 Nc6 10. Bg2 d6 11. h3 b5 12. O-O Bb7 13. f4 O-O 14. g4 Rfe8 15. g5
Nd7 16. f5 Bf8 17. g6 hxg6 18. fxg6 fxg6 19. Nf4 Nce5 20. Qe1 Nb6 21. Qg3 Nbc4
22. Bd4 Rad8 23. b3 Nxa3 24. Rxa3 b4 25. Ra4 bxc3 26. Nxg6 Nxg6 27. Qxg6 e5 28.
Bxc3 Qd7 29. Ba5 Rc8 30. c4 Re6 31. Qg4 Qe8 32. Ra2 Rg6 33. Qd1 Bxe4 34. Kh2
Rxg2+ 35. Rxg2 Bxg2 36. Kxg2 Qe6 37. Qf3 Be7 38. Re1 Rf8 39. Qd3 Bh4 40. Re2
Qf6 41. Rc2 Kh8 42. Bc7 Qg5+ 43. Kh2 Qf4+ 44. Kg2 Rf5 45. Bxd6 Rg5+ 46. Kh1 Rg3
47. Qe2 Rxh3+ 48. Kg1 Qg3+ 49. Qg2 Qe1+ 50. Qf1 Rh1+ 0-1

[Event "FBL 1"]
[Site "Deutschland"]
[Date "2013.01.19"]
[Round "6.3"]
[White "Havlikova, Kristyna"]
[Black "Wisniowska, Klaudia"]
[Result "0-1"]
[WhiteElo "2293"]
[BlackElo "2187"]
[PlyCount "222"]
[EventDate "2012.10.06"]
[WhiteTeam "SK Grosslehna"]
[BlackTeam "SV Chemie Guben 1990"]
[WhiteTeamCountry "GER"]
[BlackTeamCountry "GER"]

1. e4 c5 2. Nf3 d6 3. d4 cxd4 4. Nxd4 Nf6 5. Nc3 Nc6 6. f4 g6 7. Nf3 Bg7 8. Bd3
Qb6 9. Qe2 O-O 10. Nd1 Bg4 11. c3 e5 12. Be3 Qa5 13. O-O exf4 14. Bxf4 Ne5 15.
Bxe5 dxe5 16. Ne3 Qc5 17. Kh1 Bh5 18. h3 Bxf3 19. Rxf3 Rad8 20. Raf1 Qc6 21.
Nd5 Nxd5 22. exd5 Qd6 23. c4 f5 24. Bb1 e4 25. Ra3 Bd4 26. Qd2 Bc5 27. Rb3 b6
28. a3 Qe5 29. Qf4 Qe7 30. Rc3 Bd6 31. Qe3 Qe5 32. g3 Bc5 33. Qf4 Qd4 34. Bc2
a5 35. Bd1 Qg7 36. Qd2 e3 37. Qg2 Qe5 38. Rd3 Rde8 39. Re1 f4 40. g4 Kg7 41.
Bf3 Rd8 42. Qc2 Rf6 43. Rb1 Qg5 44. Qg2 a4 45. Rc3 Re8 46. Rc2 Qe5 47. Rd1 Bd6
48. Qe2 Rc8 49. Qd3 Rf7 50. Qd4 Qxd4 51. Rxd4 g5 52. Kg2 Be5 53. Re4 Kf6 54.
Be2 Rc5 55. Bd3 Rfc7 56. Kf3 b5 57. h4 h6 58. hxg5+ hxg5 59. Rh2 bxc4 60. Bc2
Rxd5 61. Bxa4 Rd2 62. Rxd2 exd2 63. Ke2 Bxb2 64. Kxd2 c3+ 65. Kc2 Bxa3 66. Bb3
Rc6 67. Bc4 Bb2 68. Bd3 Re6 69. Rc4 Re1 70. Rc5 Re5 71. Rc6+ Ke7 72. Rg6 Kf7
73. Rd6 Ke7 74. Rg6 f3 75. Rh6 Re3 76. Rh3 Kd6 77. Rh7 Re1 78. Rf7 Rc1+ 79. Kb3
Rg1 80. Rxf3 Rxg4 81. Rf5 Rg3 82. Kc2 Rg2+ 83. Kb3 g4 84. Be4 Re2 85. Bd3 Rg2
86. Be4 Rg1 87. Rd5+ Ke6 88. Rg5 g3 89. Bc2 Kf6 90. Rf5+ Kg7 91. Rh5 Kf6 92.
Rf5+ Ke6 93. Rg5 Rg2 94. Be4 Re2 95. Bd3 Re3 96. Kc2 Kd6 97. Rf5 Re5 98. Rf6+
Kc5 99. Rg6 Re3 100. Rg4 Kd5 101. Rg5+ Kd4 102. Rg8 Ke5 103. Rg4 Rf3 104. Re4+
Kf5 105. Re8+ Kg5 106. Rg8+ Kf4 107. Rf8+ Ke3 108. Re8+ Kf2 109. Re2+ Kg1 110.
Re1+ Kh2 111. Be4 Rf2+ 0-1

[Event "FBL 1"]
[Site "Deutschland"]
[Date "2013.01.19"]
[Round "6.4"]
[White "Sikorska, Dorota"]
[Black "Von Wantoch Rekowski, Danijela"]
[Result "0-1"]
[WhiteElo "1952"]
[BlackElo "2245"]
[PlyCount "140"]
[EventDate "2012.10.06"]
[WhiteTeam "SV Chemie Guben 1990"]
[BlackTeam "SK Grosslehna"]
[WhiteTeamCountry "GER"]
[BlackTeamCountry "GER"]

1. e4 c5 2. Nc3 Nc6 3. g3 g6 4. Bg2 Bg7 5. d3 d6 6. Nge2 Rb8 7. Be3 Nd4 8. O-O
e6 9. Qd2 b5 10. f4 b4 11. Nd1 Ne7 12. c4 O-O 13. Rc1 Nec6 14. b3 Bd7 15. g4 f5
16. g5 a5 17. Nb2 Nxe2+ 18. Qxe2 Nd4 19. Qd2 Bc6 20. Kh1 Qd7 21. Rf2 Rbe8 22.
Rcf1 Re7 23. Qd1 Qb7 24. Qb1 Ref7 25. Bd2 e5 26. fxe5 dxe5 27. Kg1 f4 28. Bf3
Bd7 29. Qd1 Bh3 30. Bg2 Be6 31. Bf3 Bh3 32. Bg2 Bd7 33. Bf3 Qc8 34. h4 Nxf3+
35. Rxf3 Bg4 36. Na4 Qc6 37. Qe1 Bxf3 38. Rxf3 Rd8 39. Qe2 Bf8 40. Be1 Qe6 41.
Bf2 Rc8 42. Kf1 Rc6 43. Qb2 Qg4 44. Ke2 Bd6 45. Qb1 h6 46. gxh6 Rh7 47. Qg1
Qxg1 48. Bxg1 Rxh6 49. Bf2 Be7 50. Kd2 Kf7 51. Ke2 Ke6 52. Kf1 Kd6 53. Kg2 Bxh4
54. Rh3 Bg5 55. Rxh6 Bxh6 56. Nb2 Ke6 57. Bg1 Bf8 58. Nd1 Rc7 59. Nf2 a4 60.
Nh3 Be7 61. Bf2 axb3 62. axb3 Rd7 63. Ng1 Rxd3 64. Nf3 Rxb3 65. Nd2 Rb2 66. Be1
Bh4 67. Bxh4 Rxd2+ 68. Kf3 b3 69. Be1 Rd1 70. Bc3 Rd3+ 0-1

[Event "FBL 1"]
[Site "Deutschland"]
[Date "2013.01.19"]
[Round "6.5"]
[White "Skogvall, Martina"]
[Black "Szewczuk, Mariola"]
[Result "1-0"]
[WhiteElo "2067"]
[BlackElo "1908"]
[PlyCount "111"]
[EventDate "2012.10.06"]
[WhiteTeam "SK Grosslehna"]
[BlackTeam "SV Chemie Guben 1990"]
[WhiteTeamCountry "GER"]
[BlackTeamCountry "GER"]

1. e4 c5 2. c3 Nc6 3. d4 cxd4 4. cxd4 d5 5. exd5 Qxd5 6. Nf3 Bg4 7. Be2 Rd8 8.
Nc3 Qa5 9. Be3 Nf6 10. O-O a6 11. Qb3 Qb4 12. Qc2 e6 13. a3 Qd6 14. Rfd1 Be7
15. b4 O-O 16. Rac1 Bf5 17. Qb3 Nd5 18. Nxd5 Qxd5 19. Qxd5 Rxd5 20. Bc4 Rd7 21.
Bxa6 Nxb4 22. Bb5 Nc6 23. a4 Be4 24. Nd2 Bd5 25. Nc4 Bxc4 26. Rxc4 Rc8 27. Rdc1
Bf6 28. Kf1 Rcd8 29. Bxc6 bxc6 30. Rxc6 Bxd4 31. Bxd4 Rxd4 32. Rc8 g6 33. Rxd8+
Rxd8 34. Ke2 Ra8 35. Ra1 Kf8 36. Kd3 Ke7 37. Kc4 Kd6 38. a5 Kc6 39. f4 h6 40.
h4 f6 41. a6 Ra7 42. Re1 Re7 43. g4 Kb6 44. Ra1 Rc7+ 45. Kd4 Rd7+ 46. Ke4 f5+
47. gxf5 exf5+ 48. Ke5 Ka7 49. Rg1 Re7+ 50. Kf6 Re4 51. Rf1 g5 52. Kxf5 Re8 53.
hxg5 hxg5 54. Kxg5 Kxa6 55. f5 Kb6 56. f6 1-0

[Event "FBL 1"]
[Site "Deutschland"]
[Date "2013.01.19"]
[Round "6.6"]
[White "Schott, Peggy"]
[Black "Nagel, Verena"]
[Result "1-0"]
[WhiteElo "1808"]
[BlackElo "2007"]
[PlyCount "71"]
[EventDate "2012.10.06"]
[WhiteTeam "SV Chemie Guben 1990"]
[BlackTeam "SK Grosslehna"]
[WhiteTeamCountry "GER"]
[BlackTeamCountry "GER"]

1. d4 d5 2. c4 e6 3. Nf3 Nf6 4. e3 Be7 5. Be2 O-O 6. O-O a6 7. Nc3 dxc4 8. Bxc4
b5 9. Bd3 Bb7 10. a3 c5 11. dxc5 Bxc5 12. b4 Bxf3 13. gxf3 Bd6 14. f4 Ra7 15.
Bc2 Rd7 16. Qe2 e5 17. f5 Qc7 18. Ne4 Nxe4 19. Bxe4 Qd8 20. Qg4 g6 21. Kh1 Kh8
22. Bb2 g5 23. f4 gxf4 24. exf4 Rg8 25. Qh5 f6 26. fxe5 Bxe5 27. Bxe5 Qe7 28.
Bxf6+ Qxf6 29. Rg1 Rf8 30. Rad1 Re7 31. Bd5 Re5 32. Be6 Nc6 33. Qg4 Ne7 34. Rd7
h6 35. Qg3 Nxf5 36. Qg8+ 1-0

[Event "FBL 1"]
[Site "Deutschland"]
[Date "2013.01.20"]
[Round "7.1"]
[White "Socko, Monika"]
[Black "Kulovana, Eva"]
[Result "1/2-1/2"]
[WhiteElo "2463"]
[BlackElo "2259"]
[PlyCount "112"]
[EventDate "2012.10.06"]
[WhiteTeam "Hamburger SK von 1830"]
[BlackTeam "SK Grosslehna"]
[WhiteTeamCountry "GER"]
[BlackTeamCountry "GER"]

1. d4 d5 2. c4 c6 3. cxd5 cxd5 4. Nc3 Nf6 5. Bf4 Nc6 6. e3 Bf5 7. Qb3 Na5 8.
Bb5+ Bd7 9. Qa4 Nc6 10. Nf3 a6 11. Bxc6 Bxc6 12. Qb3 e6 13. Ne5 Bd6 14. Bg5 Qc7
15. Nxc6 Qxc6 16. Bxf6 gxf6 17. O-O O-O 18. Rac1 Rfc8 19. f4 f5 20. Rf3 Qd7 21.
Rcf1 b5 22. Rh3 Kh8 23. Qd1 Rg8 24. Qh5 Rg7 25. Rff3 f6 26. Qh4 Qf7 27. Rhg3
Rag8 28. Rxg7 Rxg7 29. Ne2 Rg4 30. Qe1 Qc7 31. Qd2 Rg8 32. Rf1 Rc8 33. Rc1 Qd8
34. Rxc8 Qxc8 35. Qa5 Be7 36. Qb6 Kg7 37. Kf2 Kf7 38. h3 Qc2 39. Qxa6 Qxb2 40.
Qa8 Qb1 41. Qh8 Qxa2 42. Qxh7+ Ke8 43. h4 b4 44. h5 b3 45. Qg8+ Kd7 46. h6 b2
47. h7 b1=Q 48. h8=Q Qa6 49. Qe8+ Kd6 50. Qb8+ Qxb8 51. Qxb8+ Kd7 52. Nc3 Qc4
53. Ne2 Qc2 54. Qb5+ Kd8 55. Qb6+ Kd7 56. Qb5+ Kd8 1/2-1/2

[Event "FBL 1"]
[Site "Deutschland"]
[Date "2013.01.20"]
[Round "7.2"]
[White "Voicu Jagodzinsky, Carmen"]
[Black "Michna, Marta"]
[Result "1/2-1/2"]
[WhiteElo "2292"]
[BlackElo "2380"]
[PlyCount "21"]
[EventDate "2012.10.06"]
[WhiteTeam "SK Grosslehna"]
[BlackTeam "Hamburger SK von 1830"]
[WhiteTeamCountry "GER"]
[BlackTeamCountry "GER"]

1. e4 d6 2. d4 Nf6 3. Nc3 Nc6 4. h3 e5 5. d5 Nb8 6. g3 Be7 7. Bg2 c6 8. Nge2
Na6 9. O-O cxd5 10. exd5 O-O 11. Be3 1/2-1/2

[Event "FBL 1"]
[Site "Deutschland"]
[Date "2013.01.20"]
[Round "7.3"]
[White "Schneider, Veronika"]
[Black "Havlikova, Kristyna"]
[Result "1-0"]
[WhiteElo "2313"]
[BlackElo "2293"]
[PlyCount "71"]
[EventDate "2012.10.06"]
[WhiteTeam "Hamburger SK von 1830"]
[BlackTeam "SK Grosslehna"]
[WhiteTeamCountry "GER"]
[BlackTeamCountry "GER"]

1. e4 c5 2. Nf3 Nc6 3. Bb5 e6 4. Bxc6 bxc6 5. d3 Ne7 6. Qe2 Ng6 7. h4 Qc7 8. h5
Nf4 9. Qd2 e5 10. Qc3 Nxg2+ 11. Kf1 Nf4 12. Qxe5+ Qxe5 13. Nxe5 Ne6 14. Na3 Ba6
15. Kg2 f6 16. Ng4 Kf7 17. Nc4 d5 18. Nce3 c4 19. dxc4 d4 20. Nf5 Bxc4 21. Bd2
Rb8 22. b3 Ba6 23. f3 Ba3 24. e5 Rhe8 25. Rae1 Rb5 26. f4 fxe5 27. fxe5 Bf8 28.
Rhf1 Kg8 29. Rf2 Bb7 30. h6 c5+ 31. Kh2 Kh8 32. hxg7+ Nxg7 33. Nfh6 Ne6 34. Rg1
Bxh6 35. Nxh6 Nd8 36. Bg5 1-0

[Event "FBL 1"]
[Site "Deutschland"]
[Date "2013.01.20"]
[Round "7.4"]
[White "Von Wantoch Rekowski, Danijela"]
[Black "Hoolt, Sarah"]
[Result "0-1"]
[WhiteElo "2245"]
[BlackElo "2308"]
[PlyCount "106"]
[EventDate "2012.10.06"]
[WhiteTeam "SK Grosslehna"]
[BlackTeam "Hamburger SK von 1830"]
[WhiteTeamCountry "GER"]
[BlackTeamCountry "GER"]

1. Nf3 Nf6 2. g3 g6 3. Bg2 Bg7 4. c4 O-O 5. O-O d6 6. d4 Nc6 7. h3 Ne4 8. e3 f5
9. Nbd2 e5 10. dxe5 Nxd2 11. Bxd2 dxe5 12. Bc3 Qe7 13. Nd2 Nb4 14. a3 Nd3 15.
e4 f4 16. Qe2 Rd8 17. Rfd1 Be6 18. b3 b5 19. Nf3 bxc4 20. bxc4 Bxc4 21. Ne1
fxg3 22. Nxd3 gxf2+ 23. Kh2 Qg5 24. Qf3 Rf8 25. Qg3 Qxg3+ 26. Kxg3 f1=Q 27.
Bxf1 Rxf1 28. Rxf1 Bxd3 29. Rfe1 c5 30. Ra2 Rd8 31. Rd1 Kf7 32. Rb2 Rd7 33. Rb8
c4 34. a4 Ke6 35. Re8+ Kf7 36. Rb8 Ke6 37. Re8+ Kf7 38. Rb8 Bf6 39. a5 Ke6 40.
Re8+ Re7 41. Rxe7+ Bxe7 42. Kf3 Bc5 43. Rd2 Bd4 44. Bb4 Kd7 45. Rg2 Kc6 46. Rg5
c3 47. Ba3 Kb5 48. Bc1 Kxa5 49. Be3 Kb4 50. Bxd4 exd4 51. e5 c2 52. Rg1 Bf5 53.
Ke2 Kc3 0-1

[Event "FBL 1"]
[Site "Deutschland"]
[Date "2013.01.20"]
[Round "7.5"]
[White "Ghader Pour Taleghani, Shayesteh"]
[Black "Skogvall, Martina"]
[Result "1-0"]
[WhiteElo "2218"]
[BlackElo "2067"]
[PlyCount "137"]
[EventDate "2012.10.06"]
[WhiteTeam "Hamburger SK von 1830"]
[BlackTeam "SK Grosslehna"]
[WhiteTeamCountry "GER"]
[BlackTeamCountry "GER"]

1. e4 c5 2. Nf3 Nc6 3. Bb5 g6 4. O-O Bg7 5. Re1 Nf6 6. e5 Nd5 7. Nc3 Nc7 8.
Bxc6 dxc6 9. Ne4 Ne6 10. d3 O-O 11. h3 Qc7 12. Neg5 b6 13. Nxe6 Bxe6 14. Qe2 h6
15. Bf4 Rad8 16. a3 a5 17. Nd2 b5 18. Qe3 g5 19. Bg3 c4 20. dxc4 bxc4 21. Qc3
Qb6 22. Nxc4 Bxc4 23. Qxc4 Rd4 24. Qc3 Rfd8 25. Re2 R4d5 26. Rae1 e6 27. h4 Rb8
28. b3 Qc5 29. Qxc5 Rxc5 30. hxg5 hxg5 31. Rd1 Rd5 32. Rb1 Bf8 33. a4 Rd4 34.
Ra1 Rbd8 35. f3 Bc5 36. Kf1 Bb4 37. Be1 Bxe1 38. Raxe1 g4 39. Kf2 c5 40. Re4
gxf3 41. Rxd4 Rxd4 42. gxf3 Kf8 43. Ke3 Ke7 44. Re2 Rd5 45. f4 Rd1 46. Rd2 Rf1
47. Rd3 c4 48. bxc4 Ra1 49. c5 Rxa4 50. Rd4 Ra3+ 51. Kd2 Rh3 52. c6 Rh8 53.
Rd7+ Ke8 54. Ra7 Rh2+ 55. Kc3 Kd8 56. Rxa5 Rf2 57. Ra4 Kc7 58. Rc4 Rf1 59. Kd3
Re1 60. Kd2 Rh1 61. Ke3 Rd1 62. Rd4 Rh1 63. Rd7+ Kxc6 64. Rxf7 Rh3+ 65. Ke4 Rc3
66. Re7 Rc4+ 67. Ke3 Kd5 68. Rd7+ Kc6 69. Rd6+ 1-0

[Event "FBL 1"]
[Site "Deutschland"]
[Date "2013.01.20"]
[Round "7.6"]
[White "Nagel, Verena"]
[Black "Bluebaum, Bettina"]
[Result "1/2-1/2"]
[WhiteElo "2007"]
[BlackElo "1984"]
[PlyCount "153"]
[EventDate "2012.10.06"]
[WhiteTeam "SK Grosslehna"]
[BlackTeam "Hamburger SK von 1830"]
[WhiteTeamCountry "GER"]
[BlackTeamCountry "GER"]

1. d4 Nf6 2. Nf3 g6 3. Bf4 Bg7 4. e3 O-O 5. h3 c5 6. c3 cxd4 7. exd4 d6 8. Bc4
b6 9. O-O Ba6 10. Bxa6 Nxa6 11. Re1 Nc7 12. Nbd2 Qd7 13. Qb3 Rae8 14. Rad1 Nh5
15. Bh2 Ne6 16. Re4 Kh8 17. Rde1 Nf6 18. R4e2 Bh6 19. Ne4 Nh5 20. g3 Nhg7 21.
Kg2 Qb7 22. d5 Nc7 23. c4 f5 24. Neg5 Bxg5 25. Nxg5 e5 26. Nf3 Na6 27. Qe3 Nh5
28. g4 Nf6 29. g5 Nh5 30. Qc3 Kg8 31. Nxe5 dxe5 32. Bxe5 f4 33. Kh2 Qd7 34. Qf3
Qf7 35. b3 Nc5 36. Bd6 Rxe2 37. Qxe2 Rc8 38. Qe7 Qxe7 39. Rxe7 a6 40. Bxc5 bxc5
41. d6 Rd8 42. d7 Ng7 43. Re5 Rxd7 44. Rxc5 Nf5 45. Rc8+ Kf7 46. Rh8 Ke6 47.
Re8+ Ne7 48. Rf8 Nf5 49. Re8+ Ne7 50. Rf8 Nf5 51. Re8+ Kf7 52. Re2 Nd4 53. Re4
Nf3+ 54. Kg2 Nxg5 55. Rxf4+ Ke6 56. c5 Rd3 57. h4 Nf7 58. Ra4 Rc3 59. Rxa6+ Kd5
60. Ra7 Ke6 61. Rc7 h6 62. b4 Rc2 63. b5 Rxa2 64. b6 Rb2 65. Rc6+ Kd5 66. Rxg6
Kxc5 67. Rf6 Rxb6 68. Rxf7 Kd5 69. Rg7 Ke5 70. Kg3 Kf6 71. Rd7 Rb3+ 72. f3 Rb6
73. Rd5 Rc6 74. Kg4 Kg6 75. f4 Ra6 76. Rd7 h5+ 77. Kf3 1/2-1/2

[Event "FBL 1"]
[Site "Deutschland"]
[Date "2013.01.20"]
[Round "7.1"]
[White "Schmidt, Jessica"]
[Black "Gaponenko, Inna"]
[Result "1/2-1/2"]
[WhiteElo "2273"]
[BlackElo "2404"]
[PlyCount "60"]
[EventDate "2012.10.06"]
[WhiteTeam "Karlsruher SF 1853"]
[BlackTeam "Schachverein Muelheim Nord 1931"]
[WhiteTeamCountry "GER"]
[BlackTeamCountry "GER"]

1. d4 d5 2. Nf3 c5 3. c3 cxd4 4. cxd4 Nc6 5. Nc3 Nf6 6. Bf4 e6 7. e3 Be7 8. Bd3
Nh5 9. Be5 O-O 10. h3 Bd7 11. O-O g6 12. Bh2 Qa5 13. Qe2 Rfc8 14. Rac1 Be8 15.
Rfd1 a6 16. a3 b5 17. Na2 Qb6 18. Ne5 Nxe5 19. Bxe5 a5 20. Rxc8 Rxc8 21. Rc1
Rxc1+ 22. Nxc1 f6 23. Bh2 b4 24. axb4 Qxb4 25. g4 Ng7 26. Na2 Qb3 27. Nc3 a4
28. Nb5 Bxb5 29. Bxb5 a3 30. bxa3 Bxa3 1/2-1/2

[Event "FBL 1"]
[Site "Deutschland"]
[Date "2013.01.20"]
[Round "7.2"]
[White "Melia, Salome"]
[Black "Mader, Manuela"]
[Result "1-0"]
[WhiteElo "2403"]
[BlackElo "2222"]
[PlyCount "51"]
[EventDate "2012.10.06"]
[WhiteTeam "Schachverein Muelheim Nord 1931"]
[BlackTeam "Karlsruher SF 1853"]
[WhiteTeamCountry "GER"]
[BlackTeamCountry "GER"]

1. e4 c6 2. d4 d5 3. Nc3 dxe4 4. Nxe4 Bf5 5. Ng3 Bg6 6. Nh3 e6 7. Nf4 Qc7 8. c3
Nf6 9. h4 Bd6 10. Qf3 Nbd7 11. h5 Bc2 12. h6 g6 13. Bd3 Bxd3 14. Nxd3 Qa5 15.
Bf4 Bxf4 16. Qxf4 Nd5 17. Qf3 N5f6 18. Ne5 Qd5 19. Qf4 O-O 20. O-O Rad8 21.
Rfe1 b6 22. Rad1 Ne8 23. c4 Qd6 24. Ne4 Qc7 25. Qf3 Rc8 26. Nxd7 1-0